[Event "Rodostosah WGM 2019"]
[Site "Tekirdag"]
[Date "2019.02.11"]
[Round "2.9"]
[White "Prohorov, Olexandr"]
[Black "Anacoglu, Cisel"]
[Result "1/2-1/2"]
[WhiteElo "2146"]
[BlackElo "1962"]
[Annotator "TA"]
[PlyCount "118"]
[EventDate "2019.02.08"]
[EventType "schev"]
[EventCountry "TUR"]
[SourceTitle "playchess.com"]
[Source "ChessBase"]
[SourceQuality "1"]

{[%evp 21,118,-24,-18,-26,0,-14,-17,-25,0,-3,-10,-29,-22,-30,-23,-49,0,-32,-47,-64,0,-9,-12,-2,0,0,0,0,0,-15,0,-51,0,-84,0,10,32,31,58,31,228,218,867,704,1296,1295,1287,554,523,312,352,210,425,401,695,667,672,676,652,562,563,558,549,549,549,549,538,534,519,517,468,301,297,281,279,105,105,91,83,79,112,112,119,105,105,105,105,105,105,105,281,283,289,284,284,280,264,40,35]} 1. Nf3 Nf6 2. g3 g6 3. Bg2 Bg7 4. O-O O-O 5. d4 d6 6. Nc3 c6 7. e4 Qc7 8. Re1 e5 9. h3 b5 10. a3 Bb7 11. Be3 Nbd7 {[%cal Bb8d7,Bd7c5,Bc5e6,Be6d4][%mdl 32]} 12. Qd2 {B07: Pirc Defence: Miscellaneous Systems} Rfe8 13. Rad1 a5 $146 ({Predecessor:} 13... Nb6 14. b3 Nbd7 15. dxe5 dxe5 16. Bg5 Nc5 17. Qd6 Qxd6 18. Rxd6 {½-½ (45) Chemin,J (2296)-Valerga,D (2499) Buenos Aires 2005}) 14. Bh6 {The position is equal.} Bh8 15. dxe5 dxe5 16. Nh4 Nc5 17. Qe3 Ne6 18. Ne2 Nd4 19. Qc1 c5 20. Nc3 b4 (20... a4 $15) 21. Nd5 $11 Nxd5 22. exd5 Qd6 23. c3 bxc3 24. bxc3 Nb3 25. Qc2 c4 26. Bf1 ({White should try} 26. Re4 $11) 26... Rac8 (26... Ba6 $1 $15) 27. a4 (27. Ng2 $11) 27... Ba6 ({Better is} 27... Bxd5 $17 {aiming for ...Qc6.} 28. Bg2 e4 $1 {[%mdl 512]} 29. Bxe4 Bxe4 30. Rxe4 Qc6) 28. Ng2 Qd7 29. Ne3 Qxa4 30. d6 Rcd8 $2 {[#]} (30... Qd7 $1 $14) 31. Nd5 $1 $18 {[%cal Rd5e7] And now Ne7+ would win.} f6 $2 (31... Bg7) 32. Nc7 Bb7 33. Nxe8 Qc6 34. f3 Rxe8 35. Kh2 Bg7 36. Qe4 $40 {[%mdl 128] White wants a kill.} (36. Be3 $142) 36... Qxe4 $2 (36... Bxh6 37. Bxc4+ Kf8 38. Qxc6 (38. Bxb3 Qb6 $16) 38... Bxc6 39. Bxb3 Rd8) 37. fxe4 Ba6 (37... Bxh6 $142 38. Bxc4+ Kf8) 38. d7 Rd8 39. Be3 Bf8 40. Bb6 Be7 41. Bxd8 Bxd8 42. Rd6 Bb5 43. Re6 Bxd7 44. Rd6 Nc5 45. Bxc4+ Kf8 46. Red1 Ke7 47. R6d2 Bc7 48. Rxd7+ $2 (48. Rd5 $18 {is more deadly.} Bb6 49. Rb1) 48... Nxd7 {[%mdl 4096] Endgame KRB-KBN} 49. Rb1 Nc5 50. Bd5 Kd6 51. g4 Ke7 52. Kg2 Kd6 53. Rd1 Ke7 54. Bc6 Ke6 55. Kf3 f5 $2 (55... h6 $16 56. h4 Ke7) 56. gxf5+ gxf5 57. exf5+ Kxf5 58. Rd5 Bb6 {[#]} 59. h4 $2 (59. Bd7+ $1 $18 Nxd7 60. Rxd7) 59... a4 {Accuracy: White = 55%, Black = 33%.} 1/2-1/2

[Event "Rodostosah WGM 2019"]
[Site "Tekirdag"]
[Date "2019.02.11"]
[Round "2.10"]
[White "Shkuran, Danylo"]
[Black "Sade, Defne"]
[Result "0-1"]
[WhiteElo "2368"]
[BlackElo "1916"]
[Annotator "TA"]
[PlyCount "93"]
[EventDate "2019.02.08"]
[EventType "schev"]
[EventCountry "TUR"]
[SourceTitle "playchess.com"]
[Source "ChessBase"]
[SourceQuality "1"]

{[%evp 10,93,10,19,37,-5,-6,-2,19,19,19,20,21,0,10,13,94,86,101,54,75,45,41,37,35,34,49,26,86,80,104,53,127,136,152,140,156,14,31,0,0,0,69,-41,95,-12,0,-97,0,0,0,0,0,-251,-267,-268,-275,-456,-379,-720,-530,-820,-788,-983,-881,-941,-945,-867,-752,-740,-331,-315,-183,-183,-172,-159,-57,-79,-24,-14,-16,-16,0,-65,-58,-112]} 1. Nf3 d5 2. g3 c6 3. Bg2 Nf6 4. O-O Bf5 5. d3 Nbd7 6. Nbd2 h6 {A07: Réti Opening: New York and Capablanca Systems} 7. Nh4 (7. Re1 e5 8. e4 dxe4 9. dxe4 Be6 10. b3 Bc5 11. Bb2 O-O 12. Qe2 Qc7 {½-½ (35) Gabuzyan,H (2570)-Maghsoodloo,P (2584) Yerevan 2017}) 7... Bh7 8. e4 dxe4 {The position is equal.} 9. dxe4 e6 10. Qe2 Qc7 11. b3 Bc5 $146 ({Predecessor:} 11... Be7 12. Bb2 O-O 13. f4 Bc5+ 14. Kh1 {1-0 (43) Gaona Gonzalez,G (2103)-Sola Sendra,F (1983) Sant Boi 2014}) 12. Bb2 g5 (12... e5 $11) 13. Nhf3 $16 O-O-O 14. e5 Nd5 15. Nc4 Rhg8 16. Nd6+ Bxd6 17. exd6 Qxd6 18. Rad1 {Threatens to win with c4.} Qc7 (18... Qb4 $11) 19. c4 {[%mdl 1024] White has strong compensation.} Ne7 20. b4 (20. Ne5 $16 Bg6 21. Nxd7 Rxd7 22. Be5 Rxd1 23. Bxc7 Rxf1+ 24. Kxf1 Kxc7 25. Qe5+ Kc8 26. Qc5 {[%mdl 64] Double Attack}) 20... Ng6 (20... Bg6 $14) 21. c5 g4 22. Nd4 Nge5 23. b5 ({White should try} 23. Rfe1 $16) 23... Nxc5 $11 {Strongly threatening ...Bd3.} 24. bxc6 (24. Nxc6 $5 Nf3+ 25. Bxf3 gxf3 26. Qe3 bxc6 27. Qxc5 $11) 24... bxc6 25. Nb3 Ncd3 ({Black should play} 25... Nf3+ $11 26. Bxf3 gxf3 27. Rxd8+ Rxd8 28. Qxf3 Nxb3 29. Qxb3 Bd3) 26. Bc3 ({White has to play} 26. Bxe5 $1 $14 Qxe5 27. Qc2) 26... Nc4 (26... Rd7 $15) 27. Nd4 ({Better is} 27. Bf6 $1 $16) 27... Nce5 28. Qe3 {[#]} (28. Nb3 $11 {keeps the balance.}) 28... h5 (28... Rg5 $1 $17) 29. Nb3 Nc4 30. Qe2 {[#]} h4 $1 {[#]} 31. Be4 $2 {[%mdl 8192]} (31. Nc5 $1 $11 {[%mdl 512] and White stays safe.} h3 (31... Nxc5 32. Qxc4) 32. Bh1) (31. gxh4 Bf5) 31... Bxe4 $19 32. Qxe4 Nde5 33. Kg2 $2 (33. Na5 {is a better defense.} Nf3+ 34. Kh1 hxg3 35. fxg3) 33... f5 34. Qf4 $2 (34. Bxe5 h3+ 35. Kh1 Nxe5 36. Qe2 Rxd1 37. Rxd1) 34... c5 35. Na5 h3+ (35... Nxa5 $2 36. Bxe5 Qc6+ 37. Kg1 $19) 36. Kh1 Nxa5 37. Bxe5 Qc6+ 38. f3 gxf3 {( -> ...f2+)} 39. Kg1 Nb7 (39... Rxd1 $142 40. Rxd1 Rg4) 40. Kf2 Qe4 (40... Rxd1 $142 41. Rxd1 Rd8 42. Rxd8+ Nxd8 43. Qxf3 Qd5 44. Qxd5 exd5) 41. Qxe4 fxe4 42. Ke3 Rg4 (42... c4 $17 {aiming for ...Rd5.} 43. Kxe4 Rxd1 44. Rxd1 f2) 43. Bf4 $15 c4 (43... Rxd1 $17 44. Rxd1 Rg7 45. Kxe4 Rf7) 44. Rxd8+ $11 Kxd8 45. Kxe4 Rg7 46. Rxf3 (46. Kxf3 $11 Ke7 47. Ke3) 46... Rd7 $1 $15 47. Rc3 {Accuracy: White = 42%, Black = 30%.} (47. Ke3 $15) 0-1

[Event "Rodostosah WGM 2019"]
[Site "Tekirdag"]
[Date "2019.02.11"]
[Round "3.6"]
[White "Caglar, Sila"]
[Black "Eric, Jovana"]
[Result "1/2-1/2"]
[WhiteElo "2062"]
[BlackElo "2222"]
[Annotator "NA"]
[PlyCount "115"]
[EventDate "2019.02.08"]
[EventType "schev"]
[EventCountry "TUR"]
[SourceTitle "playchess.com"]
[Source "ChessBase"]
[SourceQuality "1"]
[TimeControl "5400+30"]

1. e4 e6 2. d3 d5 3. Nd2 Nf6 4. Ngf3 Nc6 5. e5 Nd7 6. d4 f6 7. Bb5 {C00: French: Unusual White 2nd moves} (7. exf6 Qxf6 8. Nb3 Bd6 9. Bg5 Qf7 10. Bh4 e5 11. dxe5 Ndxe5 12. Be2 O-O 13. Ng5 Qf4 14. Qxd5+ Kh8 15. Qe4 Qxe4 16. Nxe4 {0-1 (29) Gundavaa,B (2516)-Ponkratov,P (2605) Khanty-Mansiysk 2013}) 7... a6 8. Bxc6 $1 bxc6 9. exf6 Qxf6 10. Nf1 $146 ({Predecessor:} 10. O-O $11 {keeps the balance.} Bd6 11. c4 O-O 12. c5 Bf4 13. Nb3 e5 14. Bxf4 Qxf4 15. Nxe5 Nxe5 16. dxe5 Qxe5 17. Qd2 Qf6 18. Nd4 Bd7 19. Rfe1 Rfe8 20. Rad1 {½-½ (20) Garcia Martinez,S (2371)-Riazantsev,A (2485) Ubeda 2001}) 10... Bd6 11. Bg5 Qg6 12. Qe2 O-O 13. h4 h6 14. h5 Qf7 15. Bd2 {[#]} e5 $1 16. dxe5 {[#]} Nxe5 $1 17. O-O-O Nxf3 18. gxf3 Qxf3 19. Qxf3 Rxf3 20. Rg1 {[#]} Kh7 $1 21. Bc3 Rf7 22. Ne3 Bf4 23. Rg6 Bd7 24. Rdg1 {[#]} Rg8 $1 25. Kd1 Bg5 26. Ng4 Be8 27. Re6 Rf5 28. Rh1 Rf4 29. Ne5 Rxf2 30. Nd3 Rf5 31. Be5 Bd8 32. Kd2 Bxh5 33. Rxc6 Bf3 34. Rf1 Bg5+ 35. Kc3 Rc8 36. Rxa6 c5 37. Ra7 d4+ 38. Kc4 Bf6 39. Bxf6 Rxf6 40. Rg1 Rg8 41. Nxc5 h5 42. Rd7 $2 ({White should play} 42. Re7 $15) 42... h4 43. Rxd4 h3 44. Rd2 Rf4+ 45. Kc3 Bg2 46. Rgxg2 hxg2 47. Rxg2 g5 48. a4 g4 49. a5 $11 g3 50. a6 Rf3+ 51. Nd3 Ra8 52. Kd4 Rxa6 53. Ke4 Raf6 54. b4 Kh6 55. b5 R3f5 56. c4 Rg5 57. c5 Re6+ 58. Kf4 1/2-1/2

[Event "Rodostosah WGM 2019"]
[Site "Tekirdag"]
[Date "2019.02.11"]
[Round "3.7"]
[White "Kocyigit, Buse Naz"]
[Black "Dimitrijevic, Aleksandra"]
[Result "1/2-1/2"]
[WhiteElo "2023"]
[BlackElo "2175"]
[Annotator "NA"]
[PlyCount "71"]
[EventDate "2019.02.08"]
[EventType "schev"]
[EventCountry "TUR"]
[SourceTitle "playchess.com"]
[Source "ChessBase"]
[SourceQuality "1"]
[TimeControl "5400+30"]

1. d4 c5 2. d5 d6 3. c4 e5 4. Nc3 Be7 5. e4 Nf6 6. Bd3 Nbd7 7. Nge2 Nf8 8. h3 {LiveBook: 3 Games A56: Czech Benoni} (8. Ng3 Ng6 9. Nf5 O-O 10. Qf3 Re8 11. O-O h6 12. g3 Nh7 13. h4 Bf6 14. Nb5 Bxf5 15. exf5 e4 16. Bxe4 {1-0 (35) Wagner,D (2572)-Czebe,A (2474) Zalakaros 2015}) 8... h5 9. Ng3 g6 10. Be3 h4 11. Nge2 Nh5 12. Qd2 Nh7 (12... g5 $11) 13. O-O-O $146 ({Predecessor:} 13. a3 Bg5 14. b4 b6 15. Bxg5 Nxg5 {0-1 (59) Kojic,T (2289)-Trkulja,G (2371) Zenica 2011}) 13... a6 14. f4 exf4 15. Nxf4 Ng3 16. Rhe1 O-O 17. Nfe2 $16 Nxe2+ 18. Rxe2 Bf6 19. Bf4 Re8 20. Rde1 Re5 21. Rf1 Bd7 22. Ref2 Be8 23. Be3 Bg7 24. Bf4 b5 25. Bxe5 Bxe5 26. cxb5 axb5 27. Bxb5 Bxb5 28. Nxb5 Rxa2 29. Rxf7 Nf6 30. Qh6 Kxf7 31. Qh7+ Ke8 32. Rxf6 Bxb2+ 33. Kd1 Qxf6 34. Nc7+ Kf8 35. Ne6+ Ke8 36. Nc7+ 1/2-1/2

[Event "Rodostosah WGM 2019"]
[Site "Tekirdag"]
[Date "2019.02.11"]
[Round "3.8"]
[White "Duran, Esma Doga"]
[Black "Prohorov, Olexandr"]
[Result "1/2-1/2"]
[WhiteElo "2005"]
[BlackElo "2146"]
[Annotator "NA"]
[PlyCount "126"]
[EventDate "2019.02.08"]
[EventType "schev"]
[EventCountry "TUR"]
[SourceTitle "playchess.com"]
[Source "ChessBase"]
[SourceQuality "1"]
[TimeControl "5400+30"]

1. d4 g6 2. c4 Bg7 3. Nf3 c5 4. d5 f5 5. g3 d6 6. Bg2 Nf6 7. O-O O-O 8. Nc3 Na6 9. e4 fxe4 {A87: Dutch Defence: Leningrad System: 5 Nf3} 10. Ng5 Bg4 11. Qb3 {LiveBook: 3 Games} Nc7 $146 ({Predecessor:} 11... Rb8 12. Re1 Qd7 {½-½ (12) Del Rio de Angelis,S (2506)-Bartel,M (2609) Evora 2007}) 12. Ngxe4 Rb8 13. a4 b6 14. Bd2 a6 15. Rfe1 Bd7 16. Bf1 Bf5 17. Nxf6+ Bxf6 $11 18. Ne4 Bd4 19. Bc3 e5 20. dxe6 Nxe6 21. Bxd4 Nxd4 22. Qc3 Bxe4 23. Rxe4 Qf6 24. f4 a5 25. Rae1 Rb7 26. Bg2 Rbf7 27. Rxd4 cxd4 28. Qd3 g5 29. Bd5 Kg7 30. Bxf7 Rxf7 31. Re4 gxf4 32. Rxf4 Qe5 33. Re4 Qf6 34. Qxd4 Qxd4+ 35. Rxd4 Rd7 36. Kf2 Kf6 37. Rd5 Ke6 38. Ke3 Re7 39. Rb5 Kd7+ 40. Kf3 Kc6 41. Rh5 Rf7+ 42. Ke4 Rf2 43. Rxh7 Rxb2 44. g4 Rb4 45. g5 Rxc4+ 46. Kf5 Rxa4 47. g6 Ra2 48. g7 Rg2 49. Kf6 b5 50. Rh8 b4 51. g8=Q Rxg8 52. Rxg8 a4 53. h4 b3 54. Rb8 Kc5 55. h5 Kc4 56. h6 a3 57. h7 a2 58. h8=Q a1=Q+ 59. Ke6 Qxh8 60. Rxh8 b2 61. Rb8 Kc3 62. Kxd6 Kc2 63. Rxb2+ Kxb2 1/2-1/2

[Event "Rodostosah WGM 2019"]
[Site "Tekirdag"]
[Date "2019.02.11"]
[Round "3.9"]
[White "Anacoglu, Cisel"]
[Black "Shkuran, Danylo"]
[Result "0-1"]
[WhiteElo "1962"]
[BlackElo "2368"]
[Annotator "NA"]
[PlyCount "58"]
[EventDate "2019.02.08"]
[EventType "schev"]
[EventCountry "TUR"]
[SourceTitle "playchess.com"]
[Source "ChessBase"]
[SourceQuality "1"]
[TimeControl "5400+30"]

1. e4 c5 2. Nf3 e6 3. d4 cxd4 4. Nxd4 a6 5. c4 Nf6 6. Nc3 Qc7 7. Be2 Nc6 {LiveBook: 92 Games} 8. O-O Bd6 {B41: Sicilian: Kan Variation: 5 c4} 9. Kh1 Nxd4 10. Qxd4 O-O 11. Be3 Be5 12. Qd3 Bxc3 $146 ({Predecessor:} 12... d6 13. Rac1 Bd7 14. f4 Bxc3 15. Rxc3 Bc6 16. Bf3 {0-1 (33) Kotrotsos,V (2356)-Banikas,H (2548) Ermioni Argolidas 2005}) 13. bxc3 b5 14. cxb5 (14. c5 $16) 14... axb5 15. Bf3 Bb7 16. Bg5 Bc6 17. Bxf6 gxf6 18. Rfd1 Ra3 19. Qd4 Qe5 $19 20. c4 Qxd4 21. Rxd4 e5 22. Rd2 bxc4 23. Rc2 Rfa8 24. Kg1 f5 25. exf5 e4 26. Be2 d5 27. g4 c3 28. f3 d4 29. Rd1 Ba4 0-1

[Event "Rodostosah WGM 2019"]
[Site "Tekirdag"]
[Date "2019.02.11"]
[Round "3.10"]
[White "Sade, Defne"]
[Black "Brankovic, Dejan"]
[Result "1/2-1/2"]
[WhiteElo "1916"]
[BlackElo "2318"]
[Annotator "NA"]
[PlyCount "77"]
[EventDate "2019.02.08"]
[EventType "schev"]
[EventCountry "TUR"]
[SourceTitle "playchess.com"]
[Source "ChessBase"]
[SourceQuality "1"]
[TimeControl "5400+30"]

1. e4 c5 2. Nf3 e6 3. d4 cxd4 4. Nxd4 Nf6 {LiveBook: 12662 Games} 5. Nc3 Nc6 6. Be2 Bb4 7. O-O O-O 8. Nxc6 bxc6 9. e5 {B45: Sicilian Four Knights} Nd5 10. Ne4 Qc7 (10... f5 11. Nd6 Bxd6 12. exd6 Qb6 13. c4 Nf6 14. b3 c5 15. Bf4 Bb7 16. f3 a5 {½-½ (32) Kobalia,M (2648)-Petrov,M (2535) Tromsoe 2010}) 11. f4 f5 $146 ({Predecessor:} 11... f6 12. c4 Qb6+ 13. Kh1 Ne3 14. Bxe3 Qxe3 15. Bd3 fxe5 16. Rf3 Qd4 {0-1 (44) Schneider,B (2395)-Wilde,P (2295) Eislingen 1994}) 12. Ng5 Bc5+ 13. Kh1 h6 14. Nf3 Ne3 15. Bxe3 $1 Bxe3 16. Nd2 g5 17. fxg5 Bxg5 18. Nc4 Rb8 19. Bd3 $11 ({Better is} 19. Nd6 $16) 19... c5 20. Qh5 d5 21. exd6 Qf7 22. Qe2 Bf6 23. Rf3 Bb7 24. Rg3+ Kh8 25. Re1 Bd5 26. b3 Rg8 27. Ne5 Qh7 28. c4 Ba8 29. Qh5 Rxg3 30. hxg3 Kg8 31. Ng4 Bg5 32. Rxe6 Qb7 33. Qg6+ Kh8 34. Re8+ Rxe8 35. Qxe8+ Kg7 36. Qe5+ Kg8 37. Qe8+ Kg7 38. Qe5+ Kg8 39. Be4 1/2-1/2

[Event "Rodostosah WGM 2019"]
[Site "Tekirdag"]
[Date "2019.02.12"]
[Round "4.6"]
[White "Dimitrijevic, Aleksandra"]
[Black "Caglar, Sila"]
[Result "1-0"]
[WhiteElo "2175"]
[BlackElo "2062"]
[Annotator "TA"]
[PlyCount "79"]
[EventDate "2019.02.08"]
[EventType "schev"]
[EventCountry "TUR"]
[SourceTitle "playchess.com"]
[Source "ChessBase"]
[SourceQuality "1"]

{[%evp 9,79,22,12,-30,2,4,12,-8,0,0,26,21,26,25,7,40,68,45,184,187,185,81,258,241,248,243,274,258,244,271,281,275,327,347,414,403,403,392,399,407,408,397,401,404,502,480,699,482,587,602,862,799,1604,1596,1543,528,1484,1070,1065,749,29980,29981,29980,29981,29980,29938,6287,5210,6283,6250,6170,5783]} 1. d4 Nf6 2. Bf4 g6 3. Nc3 d5 4. f3 (4. e3 Bg7 5. h4 c6 6. Be2 h5 7. Nf3 Bg4 8. Ne5 Bxe2 9. Qxe2 Nbd7 10. O-O-O Rc8 11. f3 {0-1 (60) Nabaty,T (2692)-Rodshtein,M (2674) Czech Republic 2019}) 4... Bg7 5. Qd2 c5 {LiveBook: 4 Games} 6. Nb5 {Threatens to win with Nc7+. A45: Trompowsky Attack} Na6 7. e3 $146 ({Predecessor:} 7. Be5 cxd4 8. Bxd4 b6 9. g4 O-O 10. Bg2 Qe8 11. a4 {0-1 (40) Simonyi,Z (2228)-Farkas,T (2271) Senta 2016}) 7... O-O 8. h4 {The position is equal.} Bd7 9. Nc3 Qb6 10. O-O-O Rac8 11. g4 cxd4 12. exd4 Nb4 13. Kb1 Qa5 ({Better is} 13... h5 $14) 14. a3 $18 Nc6 15. Bh6 (15. h5 $1 $18 {and the rest is easy.}) 15... e5 $2 (15... b5 $16 {keeps fighting.}) 16. Bxg7 Kxg7 {[#]} 17. dxe5 $1 Nxe5 18. g5 ({Inferior is} 18. Nxd5 Qxd2 19. Rxd2 Nxd5 $11) 18... Nh5 {[#]} 19. Qd4 $1 {[%cal Rd4e5]} Rfe8 {Threatening ...Ng3.} 20. f4 ({Worse is} 20. Nxd5 Qc5 $11) 20... Nxf4 21. Qxf4 d4 22. Qxd4 Bc6 {Hoping for ...Rcd8.} 23. Nd5 Bxd5 24. Qxd5 Qa4 25. Rc1 Rcd8 26. Qg2 Re6 27. Nf3 Ng4 (27... Nxf3 $142 28. Qxf3 Qc6 29. Qxc6 Rxc6) 28. Bb5 Qf4 29. h5 Rb6 30. hxg6 Rxb5 31. Rxh7+ Kxg6 32. Qh3 (32. Qh1 $142 {Threatening mate with Qh5+.} Rxg5 33. Nxg5 Qxg5 34. Qe4+ f5 35. Qxb7) 32... Rxg5 33. Nxg5 Qxg5 34. Rf1 Ne3 35. Rhxf7 {[%csl Gf7][%cal Rh3h7]} Rd1+ 36. Rxd1 {[%csl Gf7][%cal Rh3h7]} Kxf7 37. Qh7+ Kf6 38. Re1 {White is clearly winning.} Nf5 39. Qxb7 Qd2 40. Rf1 {Precision: White = 65%, Black = 17%.} 1-0

[Event "Rodostosah WGM 2019"]
[Site "Tekirdag"]
[Date "2019.02.12"]
[Round "4.7"]
[White "Prohorov, Olexandr"]
[Black "Kocyigit, Buse Naz"]
[Result "0-1"]
[WhiteElo "2146"]
[BlackElo "2023"]
[Annotator "NA RC"]
[PlyCount "70"]
[EventDate "2019.02.08"]
[EventType "schev"]
[EventCountry "TUR"]
[SourceTitle "playchess.com"]
[Source "ChessBase"]
[SourceQuality "1"]
[TimeControl "5400+30"]

1. d4 {[%emt 0:00:30]} Nf6 {[%emt 0:03:30]} 2. Nf3 {[%emt 0:00:30]} g6 {[%emt 0:00:00]} 3. c4 {[%emt 0:00:30]} Bg7 {[%emt 0:00:00]} 4. Nc3 {[%emt 0:00:30]} d5 {[%emt 0:00:00]} 5. e3 {[%emt 0:00:30]} O-O $11 {[%emt 0:00:00] LiveBook: 1854 Games} 6. Be2 {[%emt 0:00:00]} c5 {[%emt 0:00:30]} 7. O-O {[%emt 0:03:00]} cxd4 {[%emt 0:00:30]} 8. Nxd4 {[%emt 0:00:30]} dxc4 {[%emt 0:11:30]} 9. Bxc4 {[%emt 0:00:00]} Qc7 {[%emt 0:05:30]} 10. Qe2 {[%emt 0:00:00]} a6 {[%emt 0:02:30]} 11. Bd2 {[%emt 0:04:30]} e5 {[%emt 0:00:30]} 12. Nb3 {[%emt 0:03:30]} e4 {[%emt 0:08:30]} 13. Nd5 {[%emt 0:08:30]} Nxd5 {[%emt 0:10:30]} 14. Bxd5 {[%emt 0:03:30]} Bxb2 {[%emt 0:14:30]} 15. Rab1 {[%emt 0:00:30]} Be5 {[%emt 0:00:30]} 16. Bxe4 {[%emt 0:00:30]} Nc6 {[%emt 0:08:30]} 17. f4 {[%emt 0:09:30]} Bd6 {[%emt 0:02:30]} 18. Bc3 {[%emt 0:01:30]} Re8 {[%emt 0:00:30]} 19. Nd2 {[%emt 0:06:30]} b5 {[%emt 0:10:11]} 20. Qf3 {[%emt 0:02:30]} Bb7 {[%emt 0:00:58]} 21. Rbc1 {[%emt 0:00:30]} Rac8 {[%emt 0:02:58]} 22. Bd5 {[%emt 0:04:30]} Qb6 {[%emt 0:00:59]} 23. Ne4 {[%emt 0:05:30]} Rxe4 {[%emt 0:01:46]} 24. Qxe4 {[%emt 0:00:30]} Bc5 {[%emt 0:01:58]} 25. f5 {[%emt 0:04:30]} Bxe3+ {[%emt 0:03:41]} 26. Kh1 {[%emt 0:00:00]} g5 {[%emt 0:03:40]} 27. Rce1 {[%emt 0:02:00]} Bc5 {[%emt 0:01:04]} 28. Qe8+ {[%emt 0:00:30]} Rxe8 {[%emt 0:00:51]} 29. Rxe8+ {[%emt 0:00:30]} Bf8 {[%emt 0:00:00]} 30. Bg7 {[%emt 0:05:30]} Kxg7 {[%emt 0:00:37]} 31. f6+ {[%emt 0:00:00]} Kg8 {[%emt 0:02:50]} 32. Rf5 {[%emt 0:01:00]} h6 {[%emt 0:00:38]} 33. h4 {[%emt 0:00:00]} Nd4 {[%emt 0:00:02]} 34. hxg5 {[%emt 0:00:00]} Nxf5 {[%emt 0:01:03]} 35. g6 {[%emt 0:00:30]} Bxd5 {[%emt 0:00:42]} 0-1

[Event "Rodostosah WGM 2019"]
[Site "Tekirdag"]
[Date "2019.02.12"]
[Round "4.8"]
[White "Shkuran, Danylo"]
[Black "Duran, Esma Doga"]
[Result "1-0"]
[WhiteElo "2368"]
[BlackElo "2005"]
[Annotator "NA RC"]
[PlyCount "75"]
[EventDate "2019.02.08"]
[EventType "schev"]
[EventCountry "TUR"]
[SourceTitle "playchess.com"]
[Source "ChessBase"]
[SourceQuality "1"]
[TimeControl "5400+30"]

1. Nf3 {[%emt 0:00:30]} d5 {[%emt 0:02:30]} 2. g3 {[%emt 0:00:30]} Nf6 {[%emt 0:00:30]} 3. Bg2 {[%emt 0:00:00]} Bg4 {[%emt 0:00:30]} 4. d3 {[%emt 0:00:00]} e6 {[%emt 0:00:30] LiveBook: 23 Games} 5. O-O {[%emt 0:00:30]} c5 {[%emt 0:00:30] A07: Réti Opening: New York and Capablanca Systems} 6. c4 {[%emt 0:02:30]} Nc6 {[%emt 0:00:30]} 7. Qa4 {[%emt 0:09:30]} Qd7 {[%emt 0:03:30]} 8. cxd5 {[%emt 0:02:30]} exd5 {[%emt 0:00:30]} 9. Bg5 {[%emt 0:00:30]} Be7 {[%emt 0:03:30]} 10. Nc3 {[%emt 0:01:30]} O-O $146 {[%emt 0:13:30]} ({Predecessor:} 10... d4 11. Bxf6 Bxf6 12. Ne4 Be7 13. Rac1 b6 {½-½ (30) Edouard,R (2628)-Cornette,M (2599) Cap d'Agde 2016}) 11. Bxf6 $1 {[%emt 0:06:30]} Bxf6 {[%emt 0:00:30]} 12. Nxd5 {[%emt 0:00:00]} Bxb2 {[%emt 0:00:00]} 13. Rab1 {[%emt 0:00:00]} Bxf3 {[%emt 0:00:00]} 14. Bxf3 {[%emt 0:00:30]} Be5 {[%emt 0:00:30]} 15. Ne3 {[%emt 0:05:30]} Rab8 {[%emt 0:18:30]} 16. Nc4 {[%emt 0:06:30]} Bf6 {[%emt 0:01:30]} 17. Na5 {[%emt 0:05:30]} Qc7 {[%emt 0:16:30]} 18. Bxc6 {[%emt 0:01:30]} bxc6 {[%emt 0:00:30]} 19. Rxb8 {[%emt 0:03:30]} Rxb8 {[%emt 0:00:30]} 20. Nxc6 {[%emt 0:00:30]} Rb2 {[%emt 0:08:30]} 21. Qe4 {[%emt 0:11:30]} g6 {[%emt 0:02:30]} 22. Rc1 {[%emt 0:13:30]} Qd6 {[%emt 0:15:03]} 23. a4 {[%emt 0:03:30]} a6 {[%emt 0:02:10]} 24. Na5 {[%emt 0:01:30]} Rb4 {[%emt 0:03:33]} 25. Rc4 $16 {[%emt 0:03:30]} Qb6 {[%emt 0:01:18]} 26. Rxb4 {[%emt 0:01:30]} cxb4 {[%emt 0:01:26]} 27. Nb3 {[%emt 0:01:03]} Bg7 {[%emt 0:01:49]} 28. Qc4 {[%emt 0:07:14]} Bf8 {[%emt 0:01:36]} 29. e4 {[%emt 0:00:23]} Kg7 {[%emt 0:00:37]} 30. Qd4+ {[%emt 0:03:05]} Qxd4 {[%emt 0:00:02]} 31. Nxd4 {[%emt 0:00:04]} Kf6 {[%emt 0:00:10]} 32. Kf1 {[%emt 0:00:07]} Ke5 {[%emt 0:00:36]} 33. Nc6+ {[%emt 0:01:11]} Ke6 {[%emt 0:00:10]} 34. Ke2 {[%emt 0:00:21]} f5 {[%emt 0:00:20]} 35. f3 {[%emt 0:00:55]} fxe4 {[%emt 0:00:29]} 36. fxe4 {[%emt 0:00:50]} Bd6 {[%emt 0:00:49]} 37. d4 {[%emt 0:01:48]} Kd7 {[%emt 0:00:06]} 38. d5 {[%emt 0:00:59]} 1-0

[Event "Rodostosah WGM 2019"]
[Site "Tekirdag"]
[Date "2019.02.12"]
[Round "4.9"]
[White "Brankovic, Dejan"]
[Black "Anacoglu, Cisel"]
[Result "1-0"]
[WhiteElo "2318"]
[BlackElo "1962"]
[Annotator "TA"]
[PlyCount "55"]
[EventDate "2019.02.08"]
[EventType "schev"]
[EventCountry "TUR"]
[SourceTitle "playchess.com"]
[Source "ChessBase"]
[SourceQuality "1"]

{[%evp 17,55,7,10,5,20,-8,-3,-15,7,-6,0,0,0,-20,65,52,48,40,71,16,12,9,121,52,54,47,82,56,69,49,109,114,582,411,335,268,29987,29988,29996,29997]} 1. e4 c5 2. Nf3 e6 3. Qe2 b6 4. g3 Bb7 5. Bg2 d6 6. O-O Nd7 7. d3 Ngf6 8. Nbd2 Be7 9. h3 O-O 10. Re1 {A05: Réti Opening: 1 Nf3 Nf6} (10. a4 a6 11. c3 b5 12. Nh2 Qc7 13. f4 bxa4 14. Rxa4 Rfe8 15. Ra1 Bf8 16. g4 g6 17. c4 Bg7 {0-1 (46) Roy Chowdhury,S (2491)-Ly,M (2440) Sydney 2014}) 10... Ne5 $146 ({Predecessor:} 10... Qc7 11. b3 Rfe8 12. Bb2 e5 13. Nh4 b5 14. Nf5 Bf8 15. Ne3 g6 {½-½ (62) Nguyen,M (2131)-Nguyen,V (2194) Vung Tau 2008}) 11. Nh2 Nc6 12. h4 {The position is equal.} d5 13. e5 Nd7 14. Ndf3 Re8 15. h5 f6 (15... h6 $11) 16. exf6 $1 $14 Bxf6 17. Ng4 e5 18. Nxf6+ (18. h6 $16) 18... Nxf6 $11 19. h6 Ba6 (19... e4 $11 20. dxe4 dxe4) 20. Qd1 (20. Nh4 $16) 20... e4 $14 21. Nh4 {Black must now prevent hxg7.} exd3 22. Rxe8+ Qxe8 23. cxd3 {Threatens to win with Bg5.} Nd4 (23... Qe5 $14) 24. Be3 Qb5 $2 {[%mdl 8192]} (24... Qe5 $16 {is more resistant.}) 25. Bxd4 cxd4 26. Qd2 Qxd3 $2 (26... Qd7 $18 27. Re1 Kh8) 27. Qg5 {[%csl Gh6][%cal Rg5g7][%mdl 64] [#] Double Attack} Ne8 28. Bxd5+ {[%mdl 64] Double Attack. Accuracy: White = 48%, Black = 15%.} 1-0